تلسی ر ا ما ين/ ر ا م چر ت ما نس (Record no. 172643)

MARC details
000 -LEADER
fixed length control field 00757nam a22002297a 4500
005 - DATE AND TIME OF LATEST TRANSACTION
control field 20200210123354.0
008 - FIXED-LENGTH DATA ELEMENTS--GENERAL INFORMATION
fixed length control field 090520t xxu||||| |||| 00| 0 Ur d
010 ## - LCCN (DPL NO)
LC control number 92747
020 ## - INTERNATIONAL STANDARD BOOK NUMBER
International Standard Book Number -
Terms of availability 10.50
035 ## - SYSTEM CONTROL NUMBER
System control number 92747
037 ## - SOURCE OF ACQUISITION
Source of stock number/acquisition Dihati Pustak Bhandar
040 ## - CATALOGING SOURCE
Original cataloging agency dpl
Language of cataloging Urdu
082 ## - DEWEY DECIMAL CLASSIFICATION NUMBER
Classification number 841
245 ## - TITLE STATEMENT
Title تلسی ر ا ما ين/ ر ا م چر ت ما نس
246 ## - VARYING FORM OF TITLE
Title proper/short title Tulsi Ramayan / Ramcharit Manas
Remainder of title by Tulsi Dass
260 ## - PUBLICATION, DISTRIBUTION, ETC. (IMPRINT)
Place of publication, distribution, etc Delhi
Name of publisher, distributor, etc Dehati Pustak Bhandar
Date of publication, distribution, etc 1956
270 ## - ADDRESS
Address Chawri Bazar
City Delhi
Postal code 6
Telephone number -
Fax number -
300 ## - PHYSICAL DESCRIPTION
Extent 670 p.
Other physical details 24cm.(Hb)
710 ## - ADDED ENTRY--CORPORATE NAME
Corporate name or jurisdiction name as entry element سيّدہ جعفر
942 ## - ADDED ENTRY ELEMENTS (KOHA)
Source of classification or shelving scheme Dewey Decimal Classification
Item type Urdu Bks
Classification part 841
Call number suffix ر ا م
Holdings
Withdrawn status Lost status Source of classification or shelving scheme Damaged status Not for loan Collection code Home library Current library Date acquired Source of acquisition Cost, normal purchase price Total Checkouts Full call number Barcode Date last seen Copy number Cost, replacement price Koha item type
    Dewey Decimal Classification   Ordered Non-fiction Central Library Central Library 10/02/2020 BPPD/Ven. 10.50   841 ر ا م 92747 10/02/2020 1 10.50 Urdu Bks

© Delhi Public Library
Hit Counter
free hit counter